000 00743nam a22002175i 4500
001 153335
003 ES-MaACL
005 20230906205158.0
008 040729s1874 gw |||| | eng d
040 _aCAM
_bspa
_cCAM
080 _a821.111-31"18"
100 1 _aCraik, Dinah Maria Mulock (
_d1826-1887)
_9126631
245 1 0 _aMy mother and I
_b: a girl's love-story /
_cby the author of "John Halifax, gentleman".
260 _aLeipzig :
_bBernhard Tauchnitz,
_c1874.
300 _a287 p. ;
_c16 cm.
490 1 _aCollection of british authors ;
_v1425
594 _aEncabezamiento tomado de la BNF.
830 1 _aCollection of british authors ;
_v1425
_9180703
852 _aES-MaACL
_jG-13076
_z- Enc. hol.
999 _c153335
_d153335